| 000 | 00594nam a22001937a 4500 | ||
|---|---|---|---|
| 003 | NUST-PNEC | ||
| 005 | 20170116180707.0 | ||
| 008 | 140927b xxu||||| |||| 00| 0 eng d | ||
| 020 | _a0710625715 | ||
| 040 | _cPNEC | ||
| 082 | _a615.9 DWY | ||
| 100 |
_9398 _aDwyer Adrian |
||
| 245 |
_aJane's Chem-Bio Handbook _cAdrian Dwyer |
||
| 250 | _a2nd ed. | ||
| 260 |
_aVirginia _bJIG _cc.2004 |
||
| 300 | _c16 cm | ||
| 500 | _ahttp://www.amazon.com/Janes-Chem-Bio-Handbook-International-Language/dp/0710625715/ref=sr_1_1?s=books&ie=UTF8&qid=1411809363&sr=1-1&keywords=0710625715 | ||
| 942 |
_2ddc _cBK |
||
| 999 |
_c60785 _d60785 |
||